000 00830nam a22002897a 4500
001 BR7401111
003 BR-BrBNA
005 20230928084548.0
007 ta
008 230509b bl.||||| |||| 00| 0 por d
040 _aBR-BrBNA
_bpor
_cBiblioteca Nacional de Agricultura
041 _a(Por)
072 _aF00; E70
_b2110
_b/G514
090 _ 2110 BR7401111
100 1 _aBandeira, W.
245 1 _aMonografia sobre o cacau. Para propaganda e incentivo de sua cultura e de seu comercio no Brasil
260 3 _aRio de Janeiro, GB (Brasil):
_bImprensa Nacional,
_c1934.
300 _a78 p.
500 _a19 illus.; 22 ref.
650 _aCACAU
650 _aPRATICA CULTURAL
650 _aCONSUMO
650 _aMERCADO INTERNACIONAL
650 _aEXPORTACAO
909 _a202309
_bLucia
_c55
_dLucia Elande
942 _cBK
999 _c19761
_d19761